000 00210 a2200097 4500
001 10348
100 _aBrown, O F
245 _aElements of radio communication
260 _a
_bOxford
_c
090 _c8002
_d8002
942 _aNUST-CAE
_cGen
_c34715
999 _c245421
_d245421